Normal view
MARC view
- Akram, Juniad
Entry Personal Name
001 - CONTROL NUMBER
- control field: 17558
003 - CONTROL NUMBER IDENTIFIER
- control field: NUST
005 - DATE AND TIME OF LATEST TRANSACTION
- control field: 20190712114128.0
008 - FIXED-LENGTH DATA ELEMENTS
- fixed length control field: 190712|| aca||aabn | a|a d
040 ## - CATALOGING SOURCE
- Original cataloging agency: NUST
- Transcribing agency: NUST
100 ## - HEADING--PERSONAL NAME
- Personal name: Akram, Juniad
670 ## - SOURCE DATA FOUND
- Source citation: Work cat.: (NUST): Akram, Juniad, Patan Chanan Da /, 2010.
